The Lucci Cube: A New Graph and Some of Its Structural and Enumerative Properties (Record no. 315886)
[ view plain ]
| 000 -LEADER | |
|---|---|
| fixed length control field | 00360nam a2200121Ia 4500 |
| 008 - FIXED-LENGTH DATA ELEMENTS--GENERAL INFORMATION | |
| fixed length control field | 170224s9999 xx 000 0 und d |
| 245 #4 - TITLE STATEMENT | |
| Title | The Lucci Cube: A New Graph and Some of Its Structural and Enumerative Properties |
| 260 ## - PUBLICATION, DISTRIBUTION, ETC. (IMPRINT) | |
| Name of publisher, distributor, etc | Philippine Computing Journal |
| 260 ## - PUBLICATION, DISTRIBUTION, ETC. (IMPRINT) | |
| Date of publication, distribution, etc | 2012 |
| 300 ## - PHYSICAL DESCRIPTION | |
| Extent | VII:2 |
| 500 ## - GENERAL NOTE | |
| General note | December |
| 650 ## - SUBJECT ADDED ENTRY--TOPICAL TERM | |
| General subdivision | Information Technology |
| Withdrawn status | Lost status | Damaged status | Home library | Current library | Date acquired | Total Checkouts | Date last seen | Price effective from | Koha item type |
|---|---|---|---|---|---|---|---|---|---|
| College Library | College Library | 02/24/2017 | 02/24/2017 | 02/24/2017 | Periodicals |